<?xml version="1.0" encoding="UTF-8"?>
<collection xmlns:xsi="http://www.w3.org/2001/XMLSchema-instance" xsi:schemaLocation="http://www.loc.gov/MARC21/slim http://www.loc.gov/standards/marcxml/schema/MARC21slim.xsd" xmlns="http://www.loc.gov/MARC21/slim">
 <record>
  <leader>00000nam a22000007i 4500</leader>
  <controlfield tag="001">UP-1686042739785006845</controlfield>
  <controlfield tag="003">Buklod</controlfield>
  <controlfield tag="005">20250320144159.0</controlfield>
  <controlfield tag="006">m     o  d        </controlfield>
  <controlfield tag="007">ta</controlfield>
  <controlfield tag="008">240521t20212021enka  a r   b|001 0|eng d</controlfield>
  <datafield tag="020" ind1=" " ind2=" ">
   <subfield code="z">9780367407407</subfield>
   <subfield code="a">(paperback)</subfield>
  </datafield>
  <datafield tag="035" ind1=" " ind2=" ">
   <subfield code="a">23148987</subfield>
  </datafield>
  <datafield tag="040" ind1=" " ind2=" ">
   <subfield code="a">DLC</subfield>
   <subfield code="d">DEDUC</subfield>
   <subfield code="e">rda</subfield>
  </datafield>
  <datafield tag="041" ind1=" " ind2=" ">
   <subfield code="a">eng</subfield>
  </datafield>
  <datafield tag="090" ind1=" " ind2=" ">
   <subfield code="a">LB 1028.3</subfield>
   <subfield code="b">Y45 2021</subfield>
  </datafield>
  <datafield tag="100" ind1="1" ind2=" ">
   <subfield code="a">Yeigh, Tony</subfield>
   <subfield code="e">author.</subfield>
  </datafield>
  <datafield tag="245" ind1="1" ind2="0">
   <subfield code="a">Improving schools with blended learning</subfield>
   <subfield code="b">how to make technology work in the modern classroom</subfield>
   <subfield code="c">Tony Yeigh [and five others].</subfield>
  </datafield>
  <datafield tag="264" ind1=" " ind2="1">
   <subfield code="a">Abingdon, Oxon</subfield>
   <subfield code="b">Routledge, Taylor &amp; Francis Group</subfield>
   <subfield code="c">2021.</subfield>
  </datafield>
  <datafield tag="300" ind1=" " ind2=" ">
   <subfield code="a">150 pages</subfield>
   <subfield code="b">illustrations </subfield>
   <subfield code="c">25 cm.</subfield>
  </datafield>
  <datafield tag="336" ind1=" " ind2=" ">
   <subfield code="a">still image</subfield>
   <subfield code="2">rdacontent</subfield>
  </datafield>
  <datafield tag="336" ind1=" " ind2=" ">
   <subfield code="a">text</subfield>
   <subfield code="2">rdacontent</subfield>
  </datafield>
  <datafield tag="337" ind1=" " ind2=" ">
   <subfield code="a">unmediated</subfield>
   <subfield code="2">rdamedia</subfield>
  </datafield>
  <datafield tag="338" ind1=" " ind2=" ">
   <subfield code="a">volume</subfield>
   <subfield code="2">rdacarrier</subfield>
  </datafield>
  <datafield tag="500" ind1=" " ind2=" ">
   <subfield code="a">Chapter 1: Education and schooling in the digital age. Chapter 2: The case for education reform. Chapter 3: Educational disruption: Why all the fuss about Blended Learning? Chapter 4: What does the research evidence say about effective schools? Chapter 5: Exploring the key role played by school leaders in relation to educational change Chapter 6: What does the research evidence say about Blended Learning? Chapter 7: A Vision for the future of schooling: Positioning Blended Learning in relation to School Improvement. Chapter 8: Using embedded Blended Learning to create the outstanding school. Chapter 9: Taking stock of Blended Learning as a school-based reform journey.</subfield>
  </datafield>
  <datafield tag="504" ind1=" " ind2=" ">
   <subfield code="a">Includes bibliographical references and index.</subfield>
  </datafield>
  <datafield tag="520" ind1=" " ind2=" ">
   <subfield code="a">Improving Schools with Blended Learning is specifically designed to address the important issues needed to successfully modernise education within the context of technological change. It does this by first providing a clear roadmap for designing Blended Learning environments able to respond to the technological imperatives challenging schools at present, and then illustrating this roadmap via specific, original research that details the 'how to' aspects of a successful technology-based design process. School leaders, teachers, teacher education students and researchers will all find highly relevant information about how to manage for disruption in the new and informative approach to Blended Learning (BL) they will discover in this book. This book arose from two different research projects the authors have been pursuing over the last 3-5 years, including school improvement research and Blended Learningresearch designed to investigate the role of technology in effective teaching and learning. By combining the insights gained from these two different research areas, this book is able to present a novel understanding of BL that is both insightful and clearly evidence-based. Improving Schools with Blended Learning also provides several original contributions to specific knowledge in the areas of BL and school improvement that most educators will find highly useful, including the use of BL schemas, a clear and extended BL continuum, how to measure and evaluate the success of BL, how to scaffold teacher ICT knowledge and skills, and a specific process for contextualising applied BL in relation to the disruption' imperatives of the Knowledge Economy.</subfield>
  </datafield>
  <datafield tag="650" ind1=" " ind2="0">
   <subfield code="a">Blended learning.</subfield>
  </datafield>
  <datafield tag="650" ind1=" " ind2="0">
   <subfield code="a">Educational technology.</subfield>
  </datafield>
  <datafield tag="700" ind1="1" ind2=" ">
   <subfield code="a">Fradale, Paul</subfield>
   <subfield code="e">author.</subfield>
  </datafield>
  <datafield tag="700" ind1="1" ind2=" ">
   <subfield code="a">Lawless, Edward</subfield>
   <subfield code="e">author.</subfield>
  </datafield>
  <datafield tag="700" ind1="1" ind2=" ">
   <subfield code="a">Lynch, David</subfield>
   <subfield code="e">author.</subfield>
  </datafield>
  <datafield tag="700" ind1="1" ind2=" ">
   <subfield code="a">Turner, David</subfield>
   <subfield code="e">author.</subfield>
  </datafield>
  <datafield tag="700" ind1="1" ind2=" ">
   <subfield code="a">Willis, Royce</subfield>
   <subfield code="e">author.</subfield>
  </datafield>
  <datafield tag="905" ind1=" " ind2=" ">
   <subfield code="a">FO</subfield>
  </datafield>
  <datafield tag="852" ind1="0" ind2=" ">
   <subfield code="a">UPD</subfield>
   <subfield code="b">DEDUC</subfield>
   <subfield code="h">LB 1028.3</subfield>
   <subfield code="i">Y45 2021</subfield>
  </datafield>
  <datafield tag="942" ind1=" " ind2=" ">
   <subfield code="a">Book</subfield>
  </datafield>
 </record>
</collection>
